[Event "Ste Foy Botwinnik"]
[Site "Ste Foy CAN"]
[Date "2017.09.30"]
[Round "4"]
[White "Laflamme, Simon"]
[Black "Sauve, Richard"]
[Result "1-0"]
[WhiteElo "1805"]
[BlackElo "1891"]
[WhiteFideId "-1"]
[WhiteFideId "-1"]
[PlyCount "127"]
[GameId "2160767908338709"]
[EventDate "2017.09.09"]
[EventType "swiss"]
[EventRounds "5"]
[EventCountry "CAN"]
[SourceTitle "EXT 2022"]
[Source "ChessBase"]
[SourceDate "2021.10.06"]
[SourceVersion "1"]
[SourceVersionDate "2021.10.06"]
[SourceQuality "1"]

1. d4 e6 2. c4 d5 3. Nc3 c6 4. cxd5 exd5 5. Qc2 Bd6 6. Nf3 Ne7 7. Bg5 Na6 8. e3 Qa5 9. Be2 Bf5 10. Qd2 O-O 11. O-O Rae8 12. a3 Nb8 13. b4 Qc7 14. Rfc1 f6 15. Nb5 Qd7 16. Nxd6 Qxd6 17. Bf4 Qd7 18. b5 Rc8 19. Qb4 Bg4 20. a4 cxb5 21. axb5 Bxf3 22. gxf3 Ng6 23. Bg3 Rxc1+ 24. Rxc1 Rc8 25. Rxc8+ Qxc8 26. Qd6 Nd7 27. Qxd5+ Kh8 28. Qe6 Ngf8 29. Qf7 Nb6 30. Bd6 Ng6 31. Qc7 Qxc7 32. Bxc7 Nd5 33. Bb8 Nc3 34. Bd3 Nh4 35. Be4 Nxe4 36. fxe4 a5 37. bxa6 bxa6 38. Bc7 Nf3+ 39. Kg2 Nd2 40. f3 Nc4 41. Kf2 a5 42. d5 Kg8 43. d6 Ne5 44. Bxa5 Kf7 45. f4 Nc6 46. Bc3 Ke6 47. e5 fxe5 48. fxe5 Nd8 49. Kf3 Nf7 50. e4 Nd8 51. Kf4 Nc6 52. Ke3 g5 53. h4 g4 54. h5 Na7 55. Kf4 Nb5 56. Bb2 Na7 57. Kxg4 h6 58. Bc1 Kxe5 59. Bxh6 Kxe4 60. Bf8 Nc6 61. h6 Ne5+ 62. Kg5 Kd5 63. h7 Ke6 64. Kh6 1-0

[Event "Ste Foy Botwinnik"]
[Site "Ste Foy CAN"]
[Date "2017.09.30"]
[Round "4"]
[White "Poliquin, Yvone"]
[Black "L'Heureux, Clement"]
[Result "0-1"]
[WhiteElo "1943"]
[BlackElo "1947"]
[WhiteFideId "-1"]
[WhiteFideId "-1"]
[PlyCount "121"]
[GameId "2160767908338710"]
[EventDate "2017.09.09"]
[EventType "swiss"]
[EventRounds "5"]
[EventCountry "CAN"]
[SourceTitle "EXT 2022"]
[Source "ChessBase"]
[SourceDate "2021.10.06"]
[SourceVersion "1"]
[SourceVersionDate "2021.10.06"]
[SourceQuality "1"]

1. e4 c5 2. Nf3 Nc6 3. d4 cxd4 4. Nxd4 Qb6 5. Nb3 e6 6. Nc3 a6 7. Bf4 Bb4 8. Qg4 Kf8 9. Qg3 Nf6 10. Bd6+ Kg8 11. Bxb4 Qxb4 12. Bd3 b5 13. O-O h5 14. h3 h4 15. Qh2 Rh5 16. Rfe1 Qe7 17. e5 Ne8 18. f4 d5 19. Kh1 Bb7 20. Qg1 Rc8 21. Ne2 Qc7 22. Ned4 Qb6 23. c3 Ne7 24. a3 g6 25. Nd2 Ng7 26. N2f3 Ngf5 27. Nxf5 Qxg1+ 28. Kxg1 Nxf5 29. Re2 Rd8 30. Nd4 Ng3 31. Ree1 Kg7 32. Bc2 Rc8 33. Bd1 Rhh8 34. Kf2 Rc4 35. Ke3 Rhc8 36. Bb3 R4c5 37. a4 Nf5+ 38. Nxf5+ gxf5 39. Kd4 bxa4 40. Rxa4 Rb5 41. Rb4 Rxb4+ 42. cxb4 Kf8 43. Ra1 Ke7 44. Ra5 Rg8 45. Rc5 Kd8 46. Rc2 Bc8 47. Ba4 Bd7 48. Bxd7 Kxd7 49. Rc5 Rxg2 50. Ra5 Rf2 51. Rxa6 Rxf4+ 52. Kc5 Rc4+ 53. Kb5 f4 54. Ra3 Ke7 55. Ra7+ Kf8 56. Ra3 f6 57. exf6 Kf7 58. Ka5 e5 59. b5 e4 60. b6 Rc8 61. b7 0-1

[Event "Ste Foy Botwinnik"]
[Site "Ste Foy CAN"]
[Date "2017.03.13"]
[Round "5"]
[White "Lessard, Claude"]
[Black "Beauchesne, Jonathan"]
[Result "1-0"]
[WhiteElo "2132"]
[BlackElo "1840"]
[WhiteFideId "-1"]
[WhiteFideId "-1"]
[PlyCount "63"]
[GameId "2160767908338711"]
[EventDate "2017.09.09"]
[EventType "swiss"]
[EventRounds "5"]
[EventCountry "CAN"]
[SourceTitle "EXT 2022"]
[Source "ChessBase"]
[SourceDate "2021.10.06"]
[SourceVersion "1"]
[SourceVersionDate "2021.10.06"]
[SourceQuality "1"]

1. d4 Nf6 2. c4 g6 3. Nc3 Bg7 4. e4 d6 5. f3 O-O 6. Be3 e5 7. d5 c5 8. Qd2 a6 9. Bd3 Bd7 10. a4 Nh5 11. Nge2 f5 12. Bg5 Qe8 13. a5 f4 14. Rb1 h6 15. Bh4 g5 16. Bf2 Bc8 17. b4 Nd7 18. bxc5 Nxc5 19. Bxc5 dxc5 20. Nc1 Rf6 21. Nb3 Bf8 22. Qf2 b6 23. axb6 Rxb6 24. Nxc5 Rxb1+ 25. Bxb1 g4 26. fxg4 Bxg4 27. Nd3 Rb8 28. O-O Qe7 29. c5 f3 30. d6 Qg5 31. Kh1 Rb3 32. Ba2 1-0

[Event "Ste Foy Botwinnik"]
[Site "Ste Foy CAN"]
[Date "2017.10.07"]
[Round "5"]
[White "Chouinard, Etienne"]
[Black "Sauve, Richard"]
[Result "1/2-1/2"]
[WhiteElo "1860"]
[BlackElo "1891"]
[WhiteFideId "-1"]
[WhiteFideId "-1"]
[PlyCount "141"]
[GameId "2160767908338712"]
[EventDate "2017.09.09"]
[EventType "swiss"]
[EventRounds "5"]
[EventCountry "CAN"]
[SourceTitle "EXT 2022"]
[Source "ChessBase"]
[SourceDate "2021.10.06"]
[SourceVersion "1"]
[SourceVersionDate "2021.10.06"]
[SourceQuality "1"]

1. e4 e6 2. d4 d5 3. exd5 exd5 4. Nf3 Bd6 5. Bd3 Nc6 6. O-O Nge7 7. c3 Bg4 8. Bg5 Qd7 9. Nbd2 h6 10. Bxe7 Nxe7 11. Qb3 O-O 12. Ne5 Bxe5 13. dxe5 c6 14. Rae1 Rab8 15. h3 Bf5 16. Qc2 Rfe8 17. Re3 Rbd8 18. Nf3 Bxd3 19. Qxd3 Ng6 20. Rfe1 Nf8 21. b4 Ne6 22. Nd4 a6 23. Rg3 Nxd4 24. cxd4 f6 25. f4 fxe5 26. dxe5 Qe7 27. Qb1 c5 28. bxc5 Qxc5+ 29. Kh2 Qc7 30. Qg6 d4 31. e6 Kh8 32. f5 Qe7 33. Rd1 Rf8 34. Qxg7+ Qxg7 35. Rxg7 Kxg7 36. e7 Rfe8 37. exd8=R Rxd8 38. Kg3 Kf6 39. Kf4 b5 40. g4 Rd7 41. h4 Rd8 42. Rd3 a5 43. g5+ hxg5+ 44. hxg5+ Kf7 45. Ke4 Rg8 46. g6+ Kf6 47. Rxd4 Re8+ 48. Kf4 Re2 49. Rd6+ Ke7 50. Re6+ Rxe6 51. fxe6 Kf6 52. Ke4 b4 53. Kd5 a4 54. Kd6 b3 55. e7 b2 56. e8=Q b1=Q 57. Qf7+ Kg5 58. g7 Qb6+ 59. Ke7 Qc5+ 60. Kd8 Qd6+ 61. Qd7 Qb8+ 62. Ke7 Qb4+ 63. Ke8 Qc4 64. Qd2+ Kf6 65. Qb2+ Kg6 66. Qg2+ Kh7 67. g8=B+ Qxg8+ 68. Qxg8+ Kxg8 69. a3 Kg7 70. Kd7 Kf7 71. Kc6 1/2-1/2

[Event "Ste Foy Botwinnik"]
[Site "Ste Foy CAN"]
[Date "2017.10.07"]
[Round "5"]
[White "L'Heureux, Clement"]
[Black "Sarra-Bournet, Marc"]
[Result "1-0"]
[WhiteElo "1947"]
[BlackElo "1767"]
[WhiteFideId "-1"]
[WhiteFideId "-1"]
[PlyCount "80"]
[GameId "2160767908338713"]
[EventDate "2017.09.09"]
[EventType "swiss"]
[EventRounds "5"]
[EventCountry "CAN"]
[SourceTitle "EXT 2022"]
[Source "ChessBase"]
[SourceDate "2021.10.06"]
[SourceVersion "1"]
[SourceVersionDate "2021.10.06"]
[SourceQuality "1"]

1. g3 e5 2. Bg2 Bc5 3. d3 Nf6 4. Nf3 Nc6 5. O-O O-O 6. Nxe5 Nxe5 7. d4 Bd6 8. dxe5 Bxe5 9. c4 c6 10. Nc3 Re8 11. Qd3 Re6 12. Bh3 Rd6 13. Qc2 Rd4 14. b3 d5 15. Bxc8 Qxc8 16. f4 Bd6 17. e3 Re4 18. Nxe4 dxe4 19. Kg2 Qf5 20. h3 Bc5 21. Rd1 Re8 22. Qe2 Qe6 23. Bb2 Qe7 24. a3 a5 25. Qd2 h6 26. Bd4 Nd7 27. Bc3 Nf6 28. Bxa5 Bxa3 29. b4 b6 30. Rxa3 bxa5 31. Rxa5 Rb8 32. b5 cxb5 33. cxb5 Qc5 34. Qd4 Qc2+ 35. Rd2 Qb1 36. Rb2 Qc1 37. b6 Nd7 38. b7 Qc7 39. Rd5 Nf6 40. Rc5 Qe7 1-0

[Event "Ste Foy Botwinnik"]
[Site "Ste Foy CAN"]
[Date "2017.10.07"]
[Round "5"]
[White "Lessard, Claude"]
[Black "Laflamme, Simon"]
[Result "1-0"]
[WhiteElo "2124"]
[BlackElo "1805"]
[WhiteFideId "-1"]
[WhiteFideId "-1"]
[PlyCount "69"]
[GameId "2160767908338714"]
[EventDate "2017.09.09"]
[EventType "swiss"]
[EventRounds "5"]
[EventCountry "CAN"]
[SourceTitle "EXT 2022"]
[Source "ChessBase"]
[SourceDate "2021.10.06"]
[SourceVersion "1"]
[SourceVersionDate "2021.10.06"]
[SourceQuality "1"]

1. Nf3 d5 2. c4 c6 3. d4 Nf6 4. Nc3 dxc4 5. e3 b5 6. Ne5 e6 7. Qf3 Qb6 8. a4 Bb7 9. Be2 Bb4 10. O-O O-O 11. Qg3 Bxc3 12. bxc3 Ne4 13. Qh3 Nxc3 14. Bh5 c5 15. axb5 g6 16. Bb2 Ne4 17. dxc5 Qxc5 18. Bxg6 hxg6 19. Nxg6 fxg6 20. Qh8+ Kf7 21. Qg7+ Ke8 22. Qxb7 Qd5 23. Qc8+ Kf7 24. Qc7+ Nd7 25. Rfd1 Nd2 26. Bc3 Rfc8 27. Qf4+ Qf5 28. Qxf5+ exf5 29. Rxd2 Nc5 30. f3 Ke6 31. Rd4 Nb3 32. Ra6+ Kf7 33. Rd7+ Ke8 34. Rh7 Nc5 35. Rxg6 1-0

[Event "Ste Foy CC-ch"]
[Site "Ste Foy CAN"]
[Date "2017.05.13"]
[Round "1"]
[White "Chouinard, Etienne"]
[Black "Desbiens, Raphael"]
[Result "1-0"]
[WhiteElo "1875"]
[BlackElo "1812"]
[WhiteFideId "-1"]
[WhiteFideId "-1"]
[PlyCount "57"]
[GameId "2160767908411453"]
[EventDate "2017.05.13"]
[EventType "tourn"]
[EventRounds "5"]
[EventCountry "CAN"]
[SourceTitle "EXT 2022"]
[Source "ChessBase"]
[SourceDate "2021.10.06"]
[SourceVersion "1"]
[SourceVersionDate "2021.10.06"]
[SourceQuality "1"]

1. e4 e5 2. Nf3 Nc6 3. Bc4 Nf6 4. Ng5 d5 5. exd5 Nd4 6. c3 b5 7. Bf1 Nxd5 8. cxd4 Qxg5 9. Bxb5+ Kd8 10. Qf3 Bb7 11. O-O Rb8 12. dxe5 Qxe5 13. d4 Qf6 14. Qxf6+ Nxf6 15. Nc3 Nd5 16. Bc4 Nxc3 17. bxc3 f6 18. Rb1 Bd6 19. Be3 Kd7 20. d5 Ba8 21. Bxa7 Rxb1 22. Rxb1 c6 23. dxc6+ Kxc6 24. Be2 Bc7 25. g3 Kd7 26. a4 Be4 27. Rd1+ Kc6 28. Rd4 Bc2 29. Bf3+ 1-0

[Event "Ste Foy CC-ch"]
[Site "Ste Foy CAN"]
[Date "2017.05.13"]
[Round "1"]
[White "Sarra-Bournet, Marc"]
[Black "Laflamme, Simon"]
[Result "1/2-1/2"]
[WhiteElo "1801"]
[BlackElo "1823"]
[WhiteFideId "-1"]
[WhiteFideId "-1"]
[PlyCount "173"]
[GameId "2160767908411454"]
[EventDate "2017.05.13"]
[EventType "tourn"]
[EventRounds "5"]
[EventCountry "CAN"]
[SourceTitle "EXT 2022"]
[Source "ChessBase"]
[SourceDate "2021.10.06"]
[SourceVersion "1"]
[SourceVersionDate "2021.10.06"]
[SourceQuality "1"]

1. e4 c6 2. d4 d5 3. Nc3 dxe4 4. Nxe4 Bf5 5. Ng3 Bg6 6. Nf3 Nd7 7. h4 h6 8. h5 Bh7 9. Bd3 Bxd3 10. Qxd3 e6 11. Bd2 Ngf6 12. O-O-O Be7 13. Qe2 O-O 14. Ne5 c5 15. Ng6 Re8 16. Nxe7+ Qxe7 17. Rh4 Nb6 18. Rf4 Nbd5 19. Rh4 Rac8 20. Ne4 cxd4 21. Nxf6+ Qxf6 22. Re4 e5 23. g3 Qc6 24. Qd3 Nf6 25. Rh4 e4 26. Qb3 Re5 27. c3 e3 28. fxe3 dxe3 29. Be1 Nxh5 30. Rhd4 Nf6 31. Rd6 Qb5 32. Rd8+ Rxd8 33. Rxd8+ Kh7 34. Qc2+ g6 35. c4 Qc6 36. Qe2 Re4 37. Bc3 Qxc4 38. Qf3 Re6 39. Kd1 e2+ 40. Ke1 Qc6 41. Qxc6 Rxc6 42. Kxe2 g5 43. Kf3 Kg6 44. a3 Re6 45. Bd4 g4+ 46. Kf2 a6 47. Rb8 b5 48. Rb7 Ne4+ 49. Kg2 Nd2 50. Kf2 Nb3 51. Bc3 Nc5 52. Rc7 Ne4+ 53. Kg2 Nxc3 54. Rxc3 Re2+ 55. Kf1 Rxb2 56. Rc6+ Kg5 57. Rxa6 Rb3 58. Kg2 f6 59. Ra5 f5 60. a4 bxa4 61. Rxa4 h5 62. Ra8 Rb6 63. Rg8+ Rg6 64. Ra8 h4 65. gxh4+ Kxh4 66. Rh8+ Kg5 67. Ra8 Re6 68. Ra5 Kf4 69. Ra2 g3 70. Ra4+ Re4 71. Ra2 Kg4 72. Rb2 f4 73. Rb8 Re2+ 74. Kf1 Kf3 75. Rb3+ Re3 76. Rb1 g2+ 77. Kg1 Kg3 78. Rb3 Kf3 79. Rb1 Re2 80. Rb3+ Ke4 81. Rb4+ Ke5 82. Rb5+ Ke4 83. Rb4+ Kf3 84. Rb3+ Re3 85. Rb1 Ra3 86. Rc1 Kg3 87. Rc3+ 1/2-1/2

[Event "Ste Foy CC-ch"]
[Site "Ste Foy CAN"]
[Date "2017.05.13"]
[Round "1"]
[White "Sauve, Richard"]
[Black "Lessard, Claude"]
[Result "0-1"]
[WhiteElo "1849"]
[BlackElo "2122"]
[WhiteFideId "-1"]
[WhiteFideId "-1"]
[PlyCount "62"]
[GameId "2160767908411455"]
[EventDate "2017.05.13"]
[EventType "tourn"]
[EventRounds "5"]
[EventCountry "CAN"]
[SourceTitle "EXT 2022"]
[Source "ChessBase"]
[SourceDate "2021.10.06"]
[SourceVersion "1"]
[SourceVersionDate "2021.10.06"]
[SourceQuality "1"]

1. d4 Nf6 2. c4 g6 3. Nc3 Bg7 4. e4 d6 5. f3 O-O 6. Be3 c5 7. d5 e6 8. Nge2 exd5 9. cxd5 Nbd7 10. Ng3 Re8 11. Qd2 a6 12. Be2 b5 13. O-O Bb7 14. Rab1 h5 15. Rfe1 Rc8 16. Bg5 c4 17. b4 cxb3 18. axb3 Qb6+ 19. Be3 Bh6 20. Nf1 Bxe3+ 21. Nxe3 Rxc3 22. Bxb5 Rxe3 23. Qxe3 Qxb5 24. Qd4 Qc5 25. Qxc5 Nxc5 26. b4 Nd3 27. Re3 Ne5 28. Rc3 Rc8 29. Rbc1 Rxc3 30. Rxc3 Ne8 31. Kf2 Kf8 0-1

[Event "Ste Foy CC-ch"]
[Site "Ste Foy CAN"]
[Date "2017.05.20"]
[Round "2"]
[White "Desbiens, Raphael"]
[Black "Sarra-Bournet, Marc"]
[Result "1-0"]
[WhiteElo "1812"]
[BlackElo "1801"]
[WhiteFideId "-1"]
[WhiteFideId "-1"]
[PlyCount "105"]
[GameId "2160767908411456"]
[EventDate "2017.05.13"]
[EventType "tourn"]
[EventRounds "5"]
[EventCountry "CAN"]
[SourceTitle "EXT 2022"]
[Source "ChessBase"]
[SourceDate "2021.10.06"]
[SourceVersion "1"]
[SourceVersionDate "2021.10.06"]
[SourceQuality "1"]

1. e4 e5 2. Nf3 Nc6 3. Bb5 a6 4. Ba4 Nf6 5. O-O Be7 6. Re1 b5 7. Bb3 d6 8. c3 O-O 9. h3 Na5 10. Bc2 c5 11. d4 Qc7 12. Nbd2 Bd7 13. Nf1 Rfe8 14. Ng3 cxd4 15. cxd4 Nc6 16. Be3 Rac8 17. Rc1 Bf8 18. Bg5 Be7 19. d5 Na5 20. Bd3 Qd8 21. Qd2 Nc4 22. Bxc4 bxc4 23. Rc3 Bb5 24. Nf5 Bf8 25. Qc2 h6 26. Bxf6 Qxf6 27. Ne3 Rc5 28. a4 Bd7 29. Nxc4 Rec8 30. Nb6 Rxc3 31. bxc3 Rc7 32. Nxd7 Rxd7 33. Qd3 a5 34. Qb5 Qd8 35. Nd2 Rc7 36. Qxa5 Qc8 37. c4 Rb7 38. Qc3 Qb8 39. a5 Be7 40. a6 Rb6 41. Ra1 Qa7 42. Qa3 Bd8 43. Nb1 Bc7 44. Nc3 Rb8 45. Nb5 Qb6 46. a7 Ra8 47. Qa6 Qc5 48. Qc6 Rxa7 49. Rxa7 Qb4 50. Qxc7 Qe1+ 51. Kh2 Qxf2 52. Qc8+ Kh7 53. Qf5+ 1-0

[Event "Ste Foy CC-ch"]
[Site "Ste Foy CAN"]
[Date "2017.05.20"]
[Round "2"]
[White "Laflamme, Simon"]
[Black "Lessard, Claude"]
[Result "0-1"]
[WhiteElo "1823"]
[BlackElo "2122"]
[WhiteFideId "-1"]
[WhiteFideId "-1"]
[PlyCount "34"]
[GameId "2160767908411457"]
[EventDate "2017.05.13"]
[EventType "tourn"]
[EventRounds "5"]
[EventCountry "CAN"]
[SourceTitle "EXT 2022"]
[Source "ChessBase"]
[SourceDate "2021.10.06"]
[SourceVersion "1"]
[SourceVersionDate "2021.10.06"]
[SourceQuality "1"]

1. e4 g6 2. d4 Bg7 3. c3 c5 4. Nf3 Nf6 5. e5 Ne4 6. Bd3 d5 7. Bxe4 dxe4 8. Ng5 Qd5 9. Qb3 Qxb3 10. axb3 cxd4 11. cxd4 Nc6 12. Be3 O-O 13. O-O Rd8 14. Rd1 Bxe5 15. Nc3 Bxd4 16. Ngxe4 Bf5 17. Bxd4 Nxd4 0-1

[Event "Ste Foy CC-ch"]
[Site "Ste Foy CAN"]
[Date "2017.05.20"]
[Round "2"]
[White "Sauve, Richard"]
[Black "Chouinard, Etienne"]
[Result "0-1"]
[WhiteElo "1849"]
[BlackElo "1875"]
[WhiteFideId "-1"]
[WhiteFideId "-1"]
[PlyCount "92"]
[GameId "2160767908411458"]
[EventDate "2017.05.13"]
[EventType "tourn"]
[EventRounds "5"]
[EventCountry "CAN"]
[SourceTitle "EXT 2022"]
[Source "ChessBase"]
[SourceDate "2021.10.06"]
[SourceVersion "1"]
[SourceVersionDate "2021.10.06"]
[SourceQuality "1"]

1. d4 d5 2. c4 e6 3. Nc3 Nf6 4. Bg5 Nbd7 5. cxd5 exd5 6. e3 c6 7. Bd3 Be7 8. Qc2 O-O 9. Nf3 Re8 10. O-O Nf8 11. Rab1 Nh5 12. Bxe7 Qxe7 13. b4 Be6 14. b5 Rec8 15. bxc6 Rxc6 16. Ne5 Rc7 17. Qb3 Nf6 18. Nb5 Rcc8 19. Rfc1 a6 20. Nc3 Rc7 21. Na4 Rac8 22. Rxc7 Rxc7 23. Qb2 N8d7 24. Nxd7 Nxd7 25. h3 Qd8 26. Rc1 Rxc1+ 27. Qxc1 Qa5 28. Qc2 g6 29. Kh2 b5 30. Nc3 Qc7+ 31. Kg1 b4 32. Na4 Qxc2 33. Bxc2 Kf8 34. Bd3 a5 35. Kf1 Ke7 36. Ke2 Kd6 37. Kd2 Kc6 38. Kc2 Bf5 39. Bxf5 gxf5 40. Kb3 Kb5 41. f3 f4 42. exf4 Nb8 43. a3 Nc6 44. axb4 Nxd4+ 45. Kc3 axb4+ 46. Kxd4 Kxa4 0-1

[Event "Ste Foy CC-ch"]
[Site "Ste Foy CAN"]
[Date "2017.05.27"]
[Round "3"]
[White "Desbiens, Raphael"]
[Black "Laflamme, Simon"]
[Result "1-0"]
[WhiteElo "1812"]
[BlackElo "1823"]
[WhiteFideId "-1"]
[WhiteFideId "-1"]
[PlyCount "47"]
[GameId "2160767908411459"]
[EventDate "2017.05.13"]
[EventType "tourn"]
[EventRounds "5"]
[EventCountry "CAN"]
[SourceTitle "EXT 2022"]
[Source "ChessBase"]
[SourceDate "2021.10.06"]
[SourceVersion "1"]
[SourceVersionDate "2021.10.06"]
[SourceQuality "1"]

1. e4 e5 2. Nf3 Nc6 3. Bb5 a6 4. Ba4 Nf6 5. O-O b5 6. Bb3 Be7 7. d4 Nxe4 8. Nxe5 Nxe5 9. dxe5 Bb7 10. Qg4 O-O 11. Nd2 Nxd2 12. Bxd2 Kh8 13. Rad1 f5 14. Qh5 Qe8 15. Qxe8 Raxe8 16. Ba5 c5 17. Bd5 Bc8 18. c4 Bd8 19. Bxd8 Rxd8 20. Bf3 Rfe8 21. cxb5 Rxe5 22. b6 d5 23. Rfe1 Rde8 24. Rxe5 1-0

[Event "Ste Foy CC-ch"]
[Site "Ste Foy CAN"]
[Date "2017.05.27"]
[Round "3"]
[White "Lessard, Claude"]
[Black "Chouinard, Etienne"]
[Result "1-0"]
[WhiteElo "2122"]
[BlackElo "1875"]
[WhiteFideId "-1"]
[WhiteFideId "-1"]
[PlyCount "71"]
[GameId "2160767908411460"]
[EventDate "2017.05.13"]
[EventType "tourn"]
[EventRounds "5"]
[EventCountry "CAN"]
[SourceTitle "EXT 2022"]
[Source "ChessBase"]
[SourceDate "2021.10.06"]
[SourceVersion "1"]
[SourceVersionDate "2021.10.06"]
[SourceQuality "1"]

1. d4 Nf6 2. Bf4 g6 3. Nc3 Bg7 4. e4 d6 5. Qd2 O-O 6. Bh6 Bxh6 7. Qxh6 Ng4 8. Qd2 f5 9. Bc4+ Kg7 10. f3 Nh6 11. h4 fxe4 12. h5 Rh8 13. hxg6 hxg6 14. O-O-O exf3 15. gxf3 Bf5 16. Nge2 Nd7 17. Nf4 e5 18. dxe5 Nxe5 19. Be6 Nxf3 20. Qg2 Ng5 21. Bxf5 Qf6 22. Nxg6 Nxf5 23. Nxh8 Ne3 24. Qxb7 Rxh8 25. Rxh8 Nxd1 26. Qa8 Qf4+ 27. Kxd1 Qf1+ 28. Kd2 Qf4+ 29. Kd3 Qf5+ 30. Kc4 Qc5+ 31. Kb3 Qb6+ 32. Ka3 Qc5+ 33. Ka4 Qc4+ 34. b4 Nh7 35. Rxh7+ Kxh7 36. Qe4+ 1-0

[Event "Ste Foy CC-ch"]
[Site "Ste Foy CAN"]
[Date "2017.05.27"]
[Round "3"]
[White "Sarra-Bournet, Marc"]
[Black "Sauve, Richard"]
[Result "1/2-1/2"]
[WhiteElo "1801"]
[BlackElo "1849"]
[WhiteFideId "-1"]
[WhiteFideId "-1"]
[PlyCount "115"]
[GameId "2160767908411461"]
[EventDate "2017.05.13"]
[EventType "tourn"]
[EventRounds "5"]
[EventCountry "CAN"]
[SourceTitle "EXT 2022"]
[Source "ChessBase"]
[SourceDate "2021.10.06"]
[SourceVersion "1"]
[SourceVersionDate "2021.10.06"]
[SourceQuality "1"]

1. e4 e6 2. d4 d5 3. Nd2 Nf6 4. e5 Nfd7 5. f4 c5 6. c3 Nc6 7. Ngf3 Qb6 8. Nb3 cxd4 9. cxd4 a5 10. a4 Be7 11. Bd3 O-O 12. O-O Ndb8 13. Be3 Na6 14. Rc1 Nab4 15. Bb1 h6 16. Rc3 Qd8 17. Bc1 b6 18. Ng5 g6 19. Nxf7 Kxf7 20. Qg4 Rg8 21. Rg3 Ke8 22. Bxg6+ Kd7 23. f5 Bg5 24. fxe6+ Kc7 25. Bxg5 hxg5 26. Rf6 Ne7 27. Qxg5 Nxg6 28. Rf7+ Kb8 29. Qxd8 Rxd8 30. Rxg6 Re8 31. e7 Kc7 32. Nd2 Nc6 33. Nf3 Nxe7 34. Rd6 Bd7 35. Nh4 Rad8 36. Rff6 Bxa4 37. Rxb6 Rb8 38. Ra6 Rxb2 39. Rxa5 Rb4 40. Rc5+ Kb8 41. Nf3 Bd1 42. Rc1 Bxf3 43. Rxf3 Rc8 44. Rxc8+ Kxc8 45. Rf4 Nc6 46. h4 Rxd4 47. Rxd4 Nxd4 48. h5 Ne6 49. h6 Ng5 50. Kf2 Kd7 51. Ke3 Ke6 52. Kf4 Nh7 53. g4 d4 54. Ke4 d3 55. Kxd3 Kxe5 56. Ke3 Ng5 57. h7 Nxh7 58. Kf3 1/2-1/2

[Event "Ste Foy CC-ch"]
[Site "Ste Foy CAN"]
[Date "2017.06.03"]
[Round "4"]
[White "Chouinard, Etienne"]
[Black "Sarra-Bournet, Marc"]
[Result "0-1"]
[WhiteElo "1875"]
[BlackElo "1801"]
[WhiteFideId "-1"]
[WhiteFideId "-1"]
[PlyCount "63"]
[GameId "2160767908411462"]
[EventDate "2017.05.13"]
[EventType "tourn"]
[EventRounds "5"]
[EventCountry "CAN"]
[SourceTitle "EXT 2022"]
[Source "ChessBase"]
[SourceDate "2021.10.06"]
[SourceVersion "1"]
[SourceVersionDate "2021.10.06"]
[SourceQuality "1"]

1. e4 e5 2. Nf3 Nc6 3. Nc3 Nf6 4. Nxe5 Nxe5 5. d4 Ng6 6. e5 Ng8 7. Bc4 Bb4 8. Qf3 Qe7 9. O-O Bxc3 10. bxc3 Nh6 11. a4 O-O 12. Ba3 d6 13. exd6 cxd6 14. Rfe1 Qc7 15. Bb3 Bg4 16. Qg3 Rad8 17. c4 Bc8 18. c5 Nf5 19. cxd6 Qb6 20. Qg5 Nxd6 21. Bc5 Qa5 22. h4 b6 23. h5 bxc5 24. hxg6 hxg6 25. Re5 Qc3 26. dxc5 Qxa1+ 27. Kh2 Rde8 28. Re7 Rxe7 29. Qxe7 Nf5 30. Qc7 Be6 31. Bxe6 fxe6 32. Qe5 0-1

[Event "Ste Foy CC-ch"]
[Site "Ste Foy CAN"]
[Date "2017.06.03"]
[Round "4"]
[White "Laflamme, Simon"]
[Black "Sauve, Richard"]
[Result "0-1"]
[WhiteElo "1823"]
[BlackElo "1849"]
[WhiteFideId "-1"]
[WhiteFideId "-1"]
[PlyCount "54"]
[GameId "2160767908411463"]
[EventDate "2017.05.13"]
[EventType "tourn"]
[EventRounds "5"]
[EventCountry "CAN"]
[SourceTitle "EXT 2022"]
[Source "ChessBase"]
[SourceDate "2021.10.06"]
[SourceVersion "1"]
[SourceVersionDate "2021.10.06"]
[SourceQuality "1"]

1. e4 e6 2. d4 d5 3. Bd3 Nf6 4. e5 Nfd7 5. Nd2 c5 6. c3 Nc6 7. Ne2 cxd4 8. cxd4 f6 9. Nf4 Nxd4 10. Qh5+ Ke7 11. exf6+ Nxf6 12. Ng6+ hxg6 13. Qxh8 Kf7 14. O-O e5 15. Nf3 Nxf3+ 16. gxf3 Bf5 17. Bxf5 gxf5 18. Bg5 Bc5 19. Qh3 Qd7 20. Rfe1 Re8 21. Rac1 Bb6 22. f4 e4 23. Qb3 Qe6 24. a4 d4 25. Qb4 Qd5 26. Red1 d3 27. Bxf6 Kxf6 0-1

[Event "Ste Foy CC-ch"]
[Site "Ste Foy CAN"]
[Date "2017.06.03"]
[Round "4"]
[White "Lessard, Claude"]
[Black "Desbiens, Raphael"]
[Result "1-0"]
[WhiteElo "2122"]
[BlackElo "1812"]
[WhiteFideId "-1"]
[WhiteFideId "-1"]
[PlyCount "55"]
[GameId "2160767908411464"]
[EventDate "2017.05.13"]
[EventType "tourn"]
[EventRounds "5"]
[EventCountry "CAN"]
[SourceTitle "EXT 2022"]
[Source "ChessBase"]
[SourceDate "2021.10.06"]
[SourceVersion "1"]
[SourceVersionDate "2021.10.06"]
[SourceQuality "1"]

1. d4 Nf6 2. c4 g6 3. Nc3 d5 4. cxd5 Nxd5 5. e4 Nxc3 6. bxc3 Bg7 7. Bc4 c5 8. Ne2 Nc6 9. Be3 O-O 10. O-O Bg4 11. f3 Na5 12. Bd3 cxd4 13. cxd4 Be6 14. d5 Bxa1 15. Qxa1 f6 16. Nd4 Bd7 17. Qb1 Qb6 18. Qe1 Qc7 19. Qb4 Rae8 20. Rc1 Qd8 21. Nb5 Bxb5 22. Bxb5 b6 23. Bf4 Nb7 24. Bxe8 Rxe8 25. Rc7 Nc5 26. Qc4 a6 27. d6+ Kg7 28. e5 1-0

[Event "Ste Foy CC-ch"]
[Site "Ste Foy CAN"]
[Date "2017.06.10"]
[Round "5"]
[White "Laflamme, Simon"]
[Black "Chouinard, Etienne"]
[Result "1-0"]
[WhiteElo "1823"]
[BlackElo "1875"]
[WhiteFideId "-1"]
[WhiteFideId "-1"]
[PlyCount "108"]
[GameId "2160767908411465"]
[EventDate "2017.05.13"]
[EventType "tourn"]
[EventRounds "5"]
[EventCountry "CAN"]
[SourceTitle "EXT 2022"]
[Source "ChessBase"]
[SourceDate "2021.10.06"]
[SourceVersion "1"]
[SourceVersionDate "2021.10.06"]
[SourceQuality "1"]

1. e4 e5 2. Nf3 Nc6 3. d4 exd4 4. Bc4 Bc5 5. O-O Nge7 6. c3 dxc3 7. Nxc3 Ng6 8. Bxf7+ Kxf7 9. Qd5+ Ke8 10. Qxc5 d6 11. Qh5 Be6 12. Bg5 Qd7 13. h3 Bf7 14. Rad1 Nge5 15. Qh4 Nxf3+ 16. gxf3 Ne5 17. Qg3 Bh5 18. Bf4 Nxf3+ 19. Kh1 Rf8 20. Bxd6 cxd6 21. Rxd6 Qe7 22. Nd5 Qe5 23. Qxe5+ Nxe5 24. Re6+ Kd7 25. Rxe5 Bf3+ 26. Kh2 Rae8 27. Rxe8 Rxe8 28. Rg1 Bxe4 29. Rxg7+ Kc6 30. Nf6 Re6 31. Nxe4 Rxe4 32. Rxh7 Re2 33. Kg3 Rxb2 34. a4 a5 35. f4 Rb4 36. f5 Kd6 37. f6 b6 38. Rb7 Rb1 39. f7 Rf1 40. Rxb6+ Ke7 41. Rb5 Kxf7 42. Rxa5 Ra1 43. Rf5+ Kg6 44. Rf4 Rg1+ 45. Kf3 Ra1 46. h4 Ra3+ 47. Ke2 Kh5 48. Kd2 Ra1 49. Kc2 Re1 50. Kb2 Re2+ 51. Kb3 Re1 52. a5 Re5 53. Ra4 Rf5 54. a6 Rf3+ 1-0